Statistiques concernant Tour du monde dans les titres de films

Cliquez ici pour prendre le quiz!

Statistiques générales

  • Ce quiz a été pris 138 fois
  • Le résultat moyen est 23 sur 50

Statistiques - réponses

LieuFilmAnnée% Correct
CaraïbesPirates des __________ : la malédiction du Black Pearl2003
98%
ArabieLawrence d'_________1962
94%
AlsaceVous n'aurez pas l'_________ et la Lorraine1977
86%
NilMort sur le _________1978
86%
VietnamGood morning, _________1987
84%
KwaiLe pont de la rivière ________1957
83%
Mars________ attacks1996
83%
AmericaCaptain _________: The first avenger2011
79%
RussieBons baisers de __________1964
78%
AmériqueIl était une fois en _________1984
77%
MarsSeul sur _________2015
77%
PersiaPrince of _________ : les sables du temps2010
76%
Tibet7 ans au _________1997
76%
ChineLes tribulations d'un chinois en ________1965
71%
HollywoodOnce upon a time ..... in __________2019
71%
AfricaOut of _________1985
68%
AtlantiqueLe mur de l'___________1970
64%
Downtown_________ Abbey2019
64%
EnglandGood morning _________2009
57%
EcosseLe dernier roi d'_________2007
56%
CorseL'enquête _________2004
54%
Vénus_________ beauté ( Institut)1999
50%
AfriqueAce Ventura en __________1995
47%
NavaroneLes canons de __________1961
46%
EspagneLes Charlots font l'_________1972
42%
Mississippi________ burning1989
41%
Arizona________ dream1992
39%
MississippiLa sirène du ___________1970
39%
IndesLa route des __________1984
34%
La Baule________ -les-Pins1989
34%
LuneLe voyage dans la _________1902
33%
Pont-NeufLes amants du ________-______1991
31%
TransylvanieHôtel ____________2012
30%
IdahoMy own private ________1992
28%
TexasParis, __________1984
28%
Arizona_________ junior1987
27%
Yang-TséLa cannonnière du _______-____1966
27%
EgypteLe prince d'_________1998
24%
ItalieVoyage en _________1954
24%
KazakhstanBorat : Leçons culturelles sur l'Amérique au profit glorieuse nation ____________2006
21%
AlabamaMiracle en __________1962
20%
ManhattanMeurtre mystérieux à ___________1994
18%
KolweziLa légion saute sur __________1980
13%
CapricorneLes amants du _________1949
11%
Himalaya_________ l'enfance d'un chef1999
8%
NarayamaLa ballade de __________1983
6%
SibérieLe barbier de _________1999
4%
PacifiqueFenêtre sur ___________1990
3%
BrésilCes garçons qui venaient du ________1978
2%
SicileBienvenue en _________2016
1%

Distribution des résultats

Percentile par nombre de réponses

% des personnes avec chaque résultat

Votre développement - résultats

Vous n’avez pas pris ce quiz